000
00309nam a2200133Ia 4500
005
20251222152007.0
008
251222s9999||||xx |||||||||||||| ||spa||
020
_a
8471420783
082
_a
808.83/S37
245
0
_a
Biblioteca de Selecciones
250
_a
1ra.ed.
264
_b
Novograph, S.A.
942
_c
LIB
999
_c
24759
_d
24759